|
|
|
|
| LEADER |
01030nam a22002531a 4500 |
| 020 |
|
|
|a 9788185141060
|c 0.00
|
| 040 |
|
|
|a SSUS - Library - Kalady
|
| 082 |
|
|
|a 294.592 18
|b SRE/K
|
| 100 |
|
|
|a Sreekrishna Sharma E R (ed.)
|
| 245 |
|
|
|a Kausitaki brahmana upanishad (with an anonymous unpublished commentary in sanskrit)
|h [Text]
|
| 260 |
|
|
|a Madras
|b Adyar Library And Reserch Centre
|c 1990
|
| 300 |
|
|
|a 96p.
|
| 440 |
|
|
|a The Adyar Library series
|v 119
|
| 600 |
|
|
|a Kausitaki Brahmana Upanishad
|
| 600 |
|
|
|a Religion
|
| 600 |
|
|
|a Upanishads
|
| 600 |
|
|
|a Vedic Literature
|
| 852 |
|
|
|h 294.592 18
|i SRE/K
|p 067529
|9 90.00
|t 0
|
| 852 |
|
|
|h 294.592 18
|i SRE/K
|p 067530
|9 90.00
|t 0
|
| 942 |
|
|
|c BK
|
| 942 |
|
|
|c BK
|
| 999 |
|
|
|c 23405
|d 23405
|
| 952 |
|
|
|0 0
|1 0
|4 0
|6 294_592000000000000_18_SRE_K
|7 0
|9 33289
|a SSUS
|b SSUS
|d 2015-01-08
|g 90.00
|o 294.592 18 SRE/K
|p 067529
|r 2015-01-08
|v 0.00
|w 2015-01-08
|y BK
|
| 952 |
|
|
|0 0
|1 0
|4 0
|6 294_592000000000000_18_SRE_K
|7 0
|9 33290
|a SSUS
|b SSUS
|d 2015-01-08
|g 90.00
|o 294.592 18 SRE/K
|p 067530
|r 2015-01-08
|v 0.00
|w 2015-01-08
|y BK
|